000 00794nam a2200229 a 4500
008 960125s1970||||[C 0 slo c
040 _aSNK
_bslo
_cSNK
_eAACR2
041 1 _aslo
080 _a641.5(083.1)
100 1 _aSečanský, Imrich
_4com
245 1 0 _aRadostné umenie kuchárske
_bLabužnícka kuchyňa
_cZost. Imrich Sečanský, S. Bakošová, František Valček ; Ilustr. Juraj Kotouček ; Fot. František Spáčil
250 _a1. vyd.
260 _aMartin
_bOsveta
_c1970
_eS.l.Tlač. SNP-Neografia
_fTlač. SNP-Neografia
300 _a374, [6] s.
_e16 s. fareb. obr. príl.
700 1 _aBakošová, S.
_4com
700 1 _aValček, František
_4com
700 1 _aKotouček, Juraj
_4ill
700 1 _aSpáčil, František
_4pht
020 _c50
044 _axo
_cSK
958 _aA
999 _c19679
_d19679